<?xml version="1.0" encoding="UTF-8"?><?xml-stylesheet type="text/xsl" href="static/style.xsl"?><OAI-PMH xmlns="http://www.openarchives.org/OAI/2.0/" xmlns:xsi="http://www.w3.org/2001/XMLSchema-instance" xsi:schemaLocation="http://www.openarchives.org/OAI/2.0/ http://www.openarchives.org/OAI/2.0/OAI-PMH.xsd"><responseDate>2026-04-17T03:12:15Z</responseDate><request verb="GetRecord" identifier="oai:www.recercat.cat:2117/427908" metadataPrefix="marc">https://recercat.cat/oai/request</request><GetRecord><record><header><identifier>oai:recercat.cat:2117/427908</identifier><datestamp>2026-02-04T07:07:54Z</datestamp><setSpec>com_2072_1033</setSpec><setSpec>col_2072_452950</setSpec></header><metadata><record xmlns="http://www.loc.gov/MARC21/slim" xmlns:dcterms="http://purl.org/dc/terms/" xmlns:xsi="http://www.w3.org/2001/XMLSchema-instance" xmlns:doc="http://www.lyncode.com/xoai" xsi:schemaLocation="http://www.loc.gov/MARC21/slim http://www.loc.gov/standards/marcxml/schema/MARC21slim.xsd">
   <leader>00925njm 22002777a 4500</leader>
   <datafield ind2=" " ind1=" " tag="042">
      <subfield code="a">dc</subfield>
   </datafield>
   <datafield ind2=" " ind1=" " tag="720">
      <subfield code="a">Miao, Sen</subfield>
      <subfield code="e">author</subfield>
   </datafield>
   <datafield ind2=" " ind1=" " tag="720">
      <subfield code="a">Gangolells Solanellas, Marta</subfield>
      <subfield code="e">author</subfield>
   </datafield>
   <datafield ind2=" " ind1=" " tag="720">
      <subfield code="a">Tejedor Herrán, Blanca</subfield>
      <subfield code="e">author</subfield>
   </datafield>
   <datafield ind2=" " ind1=" " tag="260">
      <subfield code="c">2025-06</subfield>
   </datafield>
   <datafield ind2=" " ind1=" " tag="520">
      <subfield code="a">Balancing the need for indoor air quality and thermal comfort during cold seasons is challenging for naturally ventilated schools. For students' health concerns, opening windows to ventilate during class time could be inevitable in winter, especially during flu season. However, there is a lack of field studies investigating its potential impacts on students' comfort. In this context, this study investigated students' subjective comfort with window airing in winter through a field study in the Mediterranean climate, with a total of 34 field experiments with different window opening scenarios conducted in two university classrooms. The study analyzed the effect of thermal sensation, humidity, air movement, and perceived air quality on students' comfort and identified correlated environmental parameters. The results showed that students' comfort was mainly determined by thermal sensation and air movement, while they were not very sensitive to indoor humidity and air quality. Their thermal sensation was found to be directly determined by the indoor temperature and not correlated with the outdoor temperature. Achieving the required ventilation rate would not cause obvious discomfort in terms of air movement. Moreover, the study validated 4 main adaptive PMV models (nPMV, adPMV, arPMV, and epmPMV) and found them to be ineffective with forced window openings. The proposed comfort prediction model suggests that to meet the ventilation rate requirement, the indoor temperature should be maintained above 21¿ to avoid causing thermal discomfort problems. The specific practical recommendations are given in the conclusions.</subfield>
   </datafield>
   <datafield ind2=" " ind1=" " tag="520">
      <subfield code="a">Peer Reviewed</subfield>
   </datafield>
   <datafield ind2=" " ind1=" " tag="520">
      <subfield code="a">Postprint (published version)</subfield>
   </datafield>
   <datafield tag="653" ind2=" " ind1=" ">
      <subfield code="a">Àrees temàtiques de la UPC::Edificació::Instal·lacions i acondicionament d'edificis::Instal·lacions de climatització</subfield>
   </datafield>
   <datafield tag="653" ind2=" " ind1=" ">
      <subfield code="a">Natural ventilation</subfield>
   </datafield>
   <datafield tag="653" ind2=" " ind1=" ">
      <subfield code="a">Thermal comfort</subfield>
   </datafield>
   <datafield tag="653" ind2=" " ind1=" ">
      <subfield code="a">Subjective sensation vote</subfield>
   </datafield>
   <datafield tag="653" ind2=" " ind1=" ">
      <subfield code="a">Perceived air quality</subfield>
   </datafield>
   <datafield tag="653" ind2=" " ind1=" ">
      <subfield code="a">Field experiment</subfield>
   </datafield>
   <datafield tag="653" ind2=" " ind1=" ">
      <subfield code="a">Window airing</subfield>
   </datafield>
   <datafield ind2="0" ind1="0" tag="245">
      <subfield code="a">Investigating students' subjective comfort with window-airing during the cold season: thermal sensation, humidity, air movement, and perceived air quality</subfield>
   </datafield>
</record></metadata></record></GetRecord></OAI-PMH>